000 00216nam a22000857a 4500
008 161116b xxu||||| |||| 00| 0 eng d
100 _91244
_aBPI India
245 _aHansel and Gretel
260 _aNew Delhi
_bBPI India
_c2011
999 _c3949
_d3949